American Countries that Visit the United States the Most - Statistics

General Stats
  • This quiz has been taken 507 times
  • The average score is 7 of 10
Answer Stats
Visitors Country % Correct
19,644,990 Mexico
100%
13,006,072 Canada
95%
1,988,148 Brazil
84%
986,148 Argentina
79%
951,844 Colombia
71%
644,135 Venezuela
62%
403,143 Chile
50%
432,419 Ecuador
49%
398,929 Dominican Republic
36%
351,417 Jamaica
28%
No matching quizzes found
Score Distribution
Percent of People with Each Score
Percentile by Number Answered
Your Score History
You have not taken this quiz